000 01166nam a2200241Ia 4500
001 19582
003 GE_BSU
008 181216s||||||||xx |||||||||||||| ||und||
040 _cGE_BSU
080 _a655.41(479.22)+655.11(479.22)+347.78
100 _aგვარამია,სოფო
245 _aსაგამომცემლო საქმიანობის წარმოშობა,განვითარება და სამართლებრივი რეგულირება საქართველოში.
245 _cრედ. ბესარიონ ზოიძე., გია ქირია
250 _a9994065378
260 _aთბილისი
260 _bბარტონი
260 _c2006
300 _a3ლ.85თ.
653 _aბიბლიოთეკარი
653 _aსაგამომცემლო საქმიანობის წარმოშობა,განვითარება და სამართლებრივი რეგულირება საქართველოში.
653 _aქსეროქსი
942 _cBK
999 _c52558
_d52558